| 000 | 02128cam a22003975a 4500 | ||
|---|---|---|---|
| 001 | L138446 | ||
| 008 | 070606s2007 xxk f 001 0 eng d | ||
| 020 | _a9781405725903 | ||
| 035 | _a(Sirsi) u138446 | ||
| 041 | 0 | _aeng | |
| 050 | 0 | 4 | _a346.4104343 $2 18 |
| 245 | 0 | 0 | _aButterworths business landlord and tenant handbook |
| 250 | _a4th ed. | ||
| 260 |
_aLondon _bButterworths Law _c2007 |
||
| 300 |
_axviii, 806p. _c25cm. |
||
| 350 | _a76 | ||
| 520 | _aProvides the current text of legislation (statutes and statutory instruments) relating to business and agricultural tenancies. This fourth edition includes the additions to the Disability Discrimination Act 1995 which relate to the letting of premises. Other expansions to the work include the Regulatory Reform (Fire Safety) Order 2005, the Control of Asbestos Regulations 2006, the Energy Performance of Buildings (Certificates and Inspections) (England and Wales) Regulations 2007 and amendments to the Town and Country Planning (Use Classes) Order 1987 made by the Town and Country Planning (Use Classes) (Amendment) (England) Order 2005. | ||
| 520 | _aSuperseded by the fifth edition (ISBN 9781405743228). | ||
| 521 | 2 | _aAdvanced | |
| 590 | _aKA | ||
| 650 | 2 | 4 | _aREGULATORY REFORM (FIRE SAFETY) ORDER 2005 |
| 650 | 2 | 4 | _aDISABILITY DISCRIMINATION ACT 1995 |
| 650 | 2 | 4 | _aDISABILITY DISCRIMINATION ACT 2005 |
| 650 | 2 | 4 | _aREGULATORY REFORM (FIRE SAFETY) ORDER 2005 |
| 650 | 2 | 4 | _aCONTROL OF ASBESTOS REGULATIONS 2006 |
| 650 | 2 | 4 | _aENERGY PERFORMANCE OF BUILDINGS (CERTIFICATES AND INSPECTIONS) (ENGLAND AND WALES) REGULATIONS 2007 |
| 650 | 2 | 4 | _aTOWN AND COUNTRY PLANNING (USE CLASSES) ORDER 1987 |
| 650 | 2 | 4 | _aTOWN AND COUNTRY PLANNING (USE CLASSES) (AMENDMENT) (ENGLAND) ORDER 2005 |
| 650 | 2 | 4 | _aRESIDENTIAL ENERGY PERFORMANCE CERTIFICATES |
| 651 | 4 |
_aEngland and Wales _y1543- |
|
| 690 | _aPROPERTY-LANDLORD AND TENANT-TENANCIES-AGRICULTURAL TENANCIES | ||
| 690 | _aPROPERTY-COMMERCIAL PROPERTY-COMMERCIAL LANDLORD AND TENANT-BUSINESS TENANCIES | ||
| 700 | 1 |
_aBradford, Katie _eEditor |
|
| 700 | 1 |
_aMatthews, Paul _eEditor |
|
| 942 | _n0 | ||
| 999 |
_c107168 _d107168 |
||